000 00803nam a2200241Ia 4500
003 OSt
005 20220923211153.0
006 a|||||r|||| 00| 0
007 ta
008 Pun
020 _a81876542244 (hbk)
_c300
024 _a284,617
037 _b921, 20/03/2015, H.K. Prakashan
_cTextual
040 _aARTS
_cARTS
_bPun
041 _2Pun
_aPun
082 _aU8, 153Q1
100 _aਗਰੇਵਾਲ, ਮਿੰਨੀ
_9159093
245 0 _aਅਨਜਾਣੀਆਂ ਧਰਤੀਆਂ
_b ਸਰਹਦੋ੍ਵ ਪਾਰ ਤੇ ਮੀਲ
260 _aਦਿੱਲੀ
_b ਮਨਪ੍ਰੀਤ ਪ੍ਰਕਾFਨ
_c2011
300 _a120ਪੰ
_ccm.
942 _hU8, 153Q1
_cTEXL
_2CC
999 _c296294
_d296294